000 00295nam a2200109 a 4500
001 4140
005 20140414132146.0
008 090218s19uu xx 00 eng d
050 _aTR-FIL 371.2
_bFo68 2007
245 _aThe 4 GEMS of management :
_bbasic principles of management.
999 _c115444
_d115444